000 01104cam a22001814a 4500
005 20250827124629.0
008 250528s ||||||||||||||||||||||||d
035 _a18471
040 _aGR-AtMCL
_bgre
_dGR-AtMCL
_eAACR2
245 1 _aΕισαγωγή στη Νομισματική Θεωρία / Προσφορά, Ζήτηση και Ισορροπία Χρήματος.
_nΤόμος Β'
260 _bΑντ. Σάκκουλας,
_c1984
300 _a342
520 _aΔημιουργία Τραπεζικού Χρήματος, Τα Κίνητρα της Ζητήσεως Χρήματος, Το Κίνητρο της Κερδοσκοπίας, Ζήτηση Χρήματος: Θεωρητικά Υποδείγματα, Ζήτηση Χρήματος: Εμπειρικά Υποδείγματα, Η Ποσοτική Θεωρία του Χρήματος, Κεϋνσιανή Θεωρία του Χρήματος, Το Χρήμα στο Πλήρες Κεϋνσιανό Υπόδειγμα.
700 1 _aΠαπαδάκης, Βασίλης Μ.
_93508
942 _cBK
999 _c3832
_d3832